| Tag |
First Indicator |
Second Indicator |
Subfields |
| LEADER |
00000cam a2200000 a 4500 |
| 001 |
in00000006329 |
| 005 |
20151001080008.0 |
| 008 |
991118s1999 dcu b f000 0 eng d |
| 035 |
|
|
|a (OCoLC)42848262
|
| 035 |
|
|
|9 AJL5606AM
|
| 040 |
|
|
|a GPO
|c GPO
|d DLC
|d MvI
|d UtOrBLW
|
| 043 |
|
|
|a n-us---
|
| 049 |
|
|
|a UDOC
|
| 074 |
|
|
|a 0461-D-05
|
| 086 |
0 |
|
|a ED 1.302:ST 2/5/SUM.
|
| 088 |
|
|
|a PPB 1999-6014
|
| 100 |
1 |
|
|a August, Diane.
|
| 245 |
1 |
0 |
|a Strengthening the standards :
|b recommendations for OERI Peer Review : summary report prepared for the National Educational Research Policy and Priorities Board /
|c Diane August, Lana D. Muraskin.
|
| 246 |
3 |
0 |
|a Recommendations for OERI Peer Review
|
| 264 |
|
1 |
|a Washington, DC (80 F St., NW, Washington 20208-7564) :
|b The Board,
|c [1999]
|
| 300 |
|
|
|a xiv, 89 pages ;
|c 28 cm.
|
| 336 |
|
|
|a text
|b txt
|2 rdacontent
|
| 337 |
|
|
|a unmediated
|b n
|2 rdamedia
|
| 338 |
|
|
|a volume
|b nc
|2 rdacarrier
|
| 500 |
|
|
|a "Prepared ... under contract number RC96107002, task order #9, by August and Associates, a subcontractor of the American Institutes for Research"--Title page verso.
|
| 500 |
|
|
|a Shipping list number: 2000-0020-P.
|
| 500 |
|
|
|a "September 1999"--Title page verso.
|
| 500 |
|
|
|a Shipping List #: 2000-0020-P
|
| 500 |
|
|
|a Shipping List Date: 10/25/1999
|
| 504 |
|
|
|a Includes bibliographical references.
|
| 500 |
|
|
|a "PPB 1999-6014"--P. [4] of cover.
|
| 610 |
1 |
0 |
|a United States.
|b Office of Educational Research and Improvement.
|
| 650 |
|
0 |
|a Education
|x Standards
|z United States.
|
| 650 |
|
0 |
|a Academic achievement
|z United States.
|
| 700 |
1 |
|
|a Muraskin, Lana D.
|
| 710 |
2 |
|
|a August and Associates.
|
| 710 |
1 |
|
|a United States.
|b National Educational Research Policy and Priorities Board.
|
| 999 |
|
|
|a MARS
|
| 999 |
f |
f |
|s b48fca42-cf23-3c41-b09a-36849ea5cbdb
|i dd1eed59-9cc2-386c-8776-07dc009447e8
|t 0
|
| 952 |
f |
f |
|p normal
|a Texas A&M University
|b College Station
|c Sterling C. Evans Library
|d Evans: US Documents (Annex 5th floor)
|t 0
|e ED 1.302:ST 2/5/SUM
|h Superintendent of Documents classification
|i unmediated -- volume
|m A14824273313
|
| 998 |
f |
f |
|a ED 1.302:ST 2/5/SUM
|t 0
|l Evans: US Documents (Annex 5th floor)
|